Education and the household production of child health
Gespeichert in:
| 1. Verfasser: | |
|---|---|
| Weitere Verfasser: | |
| Format: | Buch |
| Sprache: | Englisch |
| Veröffentlicht: |
New Haven
Yale University Press
1982
|
| Schriftenreihe: | Center paper
no. 311 |
| Tags: |
Keine Tags, Fügen Sie das erste Tag hinzu!
|
MARC
| LEADER | 00000nam a2200000 4500 | ||
|---|---|---|---|
| 001 | c138331 | ||
| 005 | 20181203150511.1 | ||
| 041 | 0 | |a eng | |
| 044 | |a US | ||
| 245 | 1 | 0 | |a Education and the household production of child health |c Mark R. Rosenzweig, T. Paul Schultz |
| 264 | 1 | |a New Haven |b Yale University Press |c 1982 | |
| 300 | |a S. 382-387 | ||
| 490 | 1 | |a Center paper |v no. 311 | |
| 830 | 0 | |a Center paper |v no. 311 | |
| 100 | 1 | |a Rosenzweig, Mark R. | |
| 700 | 1 | |a Schultz, T. Paul | |